000 01199 a2200265 4500
001 59247
005 20260407155846.0
008 260407a2020 arg spa d
003 AR-UNSa-BCEJYS
040 _aAR-UNSa-BCEJYS
_bspa
_cAR-UNSa-BCEJYS
080 _a316.42
_xCambio social en sociedades globales. Desarrollo social. Sociología del desarrollo (Desarrollo Humano)
245 1 0 _aCiencia de la sostenibilidad, pobreza y desarrollo en la Argentina del siglo XXI
020 _a978-607-03-1099-7
264 1 _aMéxico :
_bSiglo XXI Editores
_c2020
300 _a477 p.
_c21 cm.
505 _aParte 1: Ciencia y objetivos del desarrollo sostenible en el siglo XXI - Parte 2: Derechos y multidimensionalidad de la pobreza - Parte 3: Desigualdad e inequidad - Parte 4: Empleo de buena calidad y protección social - Parte 5: Consumo, producción y sostenibilidad
041 _aspa
942 _cBK
590 _aniveau_biblio:m niveau_hierar:0
100 1 _aCimadamore, Alberto D.
700 1 _aPaz, Jorge Augusto
700 1 _aPautassi, Laura C.
700 1 _aMallimaci, Fortunato
856 4 1 _uhttps://biblioeco.unsa.edu.ar/pmb/images/libros/L129021.jpg
_yImagen de portada
_qimage/jpeg
999 _c6626
_d6626